| 000 | 00623nam a22001937a 4500 | ||
|---|---|---|---|
| 005 | 20180716131947.0 | ||
| 010 | _aB-680736 | ||
| 020 |
_a9780571258093 _c499.00 |
||
| 035 | _aB-680736 | ||
| 037 | _bFaber and Faber | ||
| 082 | _aN | ||
| 100 | _aIshiguro, Kazuo | ||
| 245 |
_aNever let me go _cKazuo Ishiguro |
||
| 260 |
_aLondon _bFaber and Faber _c2005 |
||
| 270 |
_aBloomsbury House, 74-77 Great Russell Street, London. _bLondon _ewc1b3da |
||
| 300 |
_a282p. _c20cm(pbk) |
||
| 942 |
_2ddc _cEN _hN _mISH |
||
| 999 |
_c154103 _d154103 |
||